000 00519nam a2200193 a 4500
001 18520
003 CO-ViMGA
008 141112s2004 ck r 000 u spa d
020 _a8484520625
040 _aCO-ViMGA
_bspa
_cCO-ViMGA
082 0 4 _aDALqu
100 1 _aDaly, Niki
_926365
245 1 0 _a¿Que hay para comer Jamela?
260 _aBarcelona (España),
_cIntermón,
_c2001
300 _a26.p.
590 _aForma de adquisición : Premio - Mincultura
650 1 4 _aCUENTOS INFANTILES
_92743
942 _2ddc
_cBK
999 _c27798
_d27798